000 00895nam a2200253Ia 4500
003 OSt
005 20221005110539.0
006 a|||||r|||| 00| 0
007 ta
008 221004b |||||||| |||| 00| 0 hin d
020 _a9788177831544 (hbk)
_c300
024 _a102051
037 _b381, 04/03/2010, Swaraj Prakashan
_cTextual
040 _aCRL
_cCRL
_bhin
041 _2hin
_ahin
082 _aV2y7M69:g, 152P8
100 _aपी. एन. सिंह
245 0 _aगॉंधी, अम्बेडकर और लोहिया
246 _aGaॉandhī, ambeḍakar aur lohiyā
260 _aनई दिल्ली
_bप्रवीण प्रकाशन भारत
_c2008
300 _a239पृ0
_ccm.
942 _hV2y7M69:g, 152P8
_cTEXL
_2cc
999 _c1019164
_d1019164